000 01080nab a2200205 i 4500
001 768714001
003 CO-MdFUSB
005 20240510121443.0
008 240509t1970 sp ||||| |||| 00| 0 spa d
040 _bspa
_cCO-MdFUSB
_dCO-MdFUSB
041 _aspa
100 _aGibbard, Mark,
_eautor
245 3 _aLa oración en un tiempo de duda
_c/ Mark Gibbard
520 _aQuienes encuentran estas dificultades para orar deben hacer frente, honrada y decididamente, a las cuestiones ideológicas que ello les plantea. La única cuestión de que nos ocuparemos en este artículo podría formularse así: ¿Deberán sentirse obligadas estas personas, por honradez intelectual, a renunciar a todo tipo de oración hasta tanto no hayan esclarecido su situación con respecto a Dios?
650 7 _aLiturgia
_9206
650 7 _aOración
_986
773 0 _049450
_982615
_oR2542
_tRevista internacional de teología Concilium
_w(CO-MdFUSB)8
_x0210-1041
_gNúmero 52, (febrero, 1970), páginas: 169 - 185
_qpágina: 169
942 _cANA
945 _aCatherine Arias Alvarez - Practicante SENA
999 _c69662
_d69662